000
00295nam a2200133Ia 4500
008
231017s9999 xx 000 0 und d
082
_a
624.1
082
_b
PIC
245
0
_a
Geotechnical Manual
245
0
_c
Dept of the Army
260
_b
Dept of the Army
300
_c
30cm
942
_c
REP
999
_c
603942
_d
603942